000
00218nam a22001097a 4500
082
_a
001
_b
CAL/W
100
_a
CALLERY,SEAN
245
_a
WORLD WAR II
260
_b
SCHOLASTIC
650
_a
GENERAL KNOWLEDGE
942
_c
BK
999
_c
2995
_d
2995